<?xml version="1.0" encoding="UTF-8"?>
<record
    xmlns:xsi="http://www.w3.org/2001/XMLSchema-instance"
    xsi:schemaLocation="http://www.loc.gov/MARC21/slim http://www.loc.gov/standards/marcxml/schema/MARC21slim.xsd"
    xmlns="http://www.loc.gov/MARC21/slim">

  <leader>06744njm a2200649Ia 4500</leader>
  <controlfield tag="001">25688</controlfield>
  <controlfield tag="003">IT-RoPAU</controlfield>
  <controlfield tag="005">20220918181122.0</controlfield>
  <controlfield tag="008">131025s9999    xx            000 0 und d</controlfield>
  <datafield tag="040" ind1=" " ind2=" ">
    <subfield code="a">IT-RoPAU</subfield>
  </datafield>
  <datafield tag="040" ind1=" " ind2=" ">
    <subfield code="c">IT-RoPAU</subfield>
  </datafield>
  <datafield tag="999" ind1=" " ind2=" ">
    <subfield code="c">99908</subfield>
    <subfield code="d">99908</subfield>
  </datafield>
  <datafield tag="999" ind1=" " ind2=" ">
    <subfield code="b">n.d.</subfield>
  </datafield>
  <datafield tag="100" ind1=" " ind2=" ">
    <subfield code="a">AA.VV.</subfield>
    <subfield code="9">794</subfield>
  </datafield>
  <datafield tag="100" ind1=" " ind2=" ">
    <subfield code="e">Autore musica</subfield>
    <subfield code="9">13659</subfield>
  </datafield>
  <datafield tag="100" ind1=" " ind2=" ">
    <subfield code="g">Codice autore musica SPICS: 12000</subfield>
    <subfield code="9">796</subfield>
  </datafield>
  <datafield tag="245" ind1=" " ind2=" ">
    <subfield code="a">Classico Coleman Hawkins (Il)</subfield>
  </datafield>
  <datafield tag="250" ind1=" " ind2=" ">
    <subfield code="a">2a ed.</subfield>
  </datafield>
  <datafield tag="260" ind1=" " ind2=" ">
    <subfield code="a">MILANO</subfield>
  </datafield>
  <datafield tag="260" ind1=" " ind2=" ">
    <subfield code="b">MUSICA JAZZ</subfield>
    <subfield code="c">1983 [1a Ed.:]</subfield>
  </datafield>
  <datafield tag="300" ind1=" " ind2=" ">
    <subfield code="a">DISCO</subfield>
  </datafield>
  <datafield tag="300" ind1=" " ind2=" ">
    <subfield code="c">47 minuti (Testo:  pag.)</subfield>
  </datafield>
  <datafield tag="500" ind1=" " ind2=" ">
    <subfield code="a">Musica jazz. Disco fuori commercio allegato al n. 4 1983 di "Musica jazz"</subfield>
  </datafield>
  <datafield tag="505" ind1=" " ind2=" ">
    <subfield code="a">Queer Notions [(New York, 18 agosto 1933) (Henderson Fletcher) (3:00)] - Jamaica Shout [(New York, 29 settembre 1933) (Hawkins Coleman) (3:00)] - Lady Be Good [(Londra, 18 novembre 1934) (Hawkins Coleman) (3:00)] - Honeysuckle Rose [(Londra, 18 novembre 1934) (Hawkins Coleman) (4:00)] - Lost in a Fog [(Londra, 18 novembre 1934) (Hawkins Coleman) (4:00)] - Lullaby [(Londra, 18 novembre 1934) (Hawkins Coleman) (3:00)] - Netcha's Dream [(Laren, Olanda, 26 agosto 1935) (Bulterman Jack) (3:00)] - Consolation [(Laren, 26 aprile 1937) (Hawkins Coleman) (3:00)] - Body and Soul (New York, 11 ottobre 1939) (Hawkins Coleman) (3:00)] - Body and Soul [(New York, 11 ottobre 1939) (Hawkins Coleman) (4:00)] - My Blue Heaven [(New York, 3 gennaio 1940) (Hawkins Coleman) (3:00)] - Bouncing With Bean [(New York, 3 gennaio 1940) (Hawkins Coleman) (4:00)] -  I Surrender Dear [(New York, 25 maggio 1940) (Hawkins Coleman) (5:00)] - Passin' It Around [(New York, 9 agosto 1940) (4:00)] - Rocky Comfort [(New York, 9 agosto 1940) (4:00)] - Feedin' the Bean [(Chicago, 10 aprile 1941) (Basie Count) (4:00)]</subfield>
  </datafield>
  <datafield tag="511" ind1=" " ind2=" ">
    <subfield code="a">Allen Henry: tr; Stark Bobby: tr; Smith Russell: tr; Wells Dicky: trne; Williams Sandy: trne; Procope Russell: sax alto, cl; Jefferson Hilton: alto; Hawkins Coleman: sax, ten; Henderson Fletcher: p; Addison Bernard: chit; Kirby John: cb; Johnson Walter: batt; Henderson Horace: arr; Fletcher Henderson and his Orchestra</subfield>
  </datafield>
  <datafield tag="511" ind1=" " ind2=" ">
    <subfield code="a">Allen Henry: tr; Higginbotham J.C.: trne; Jefferson Hilton: alto; Hawkins Coleman: ten; Henderson Horace: p; Addison Bernard: chit; Kirby John: cb Johnson Walter: batt; Coleman Hawkins and his Orchestra</subfield>
  </datafield>
  <datafield tag="511" ind1=" " ind2=" ">
    <subfield code="a">Hawkins Coleman: ten; Black Stanley: p; Harris Albert: chit; Winters Tiny: cb</subfield>
  </datafield>
  <datafield tag="511" ind1=" " ind2=" ">
    <subfield code="a">Hawkins Coleman: ten; Black Stanley: p</subfield>
  </datafield>
  <datafield tag="511" ind1=" " ind2=" ">
    <subfield code="a">Hawkins Coleman: ten; Black Stanley: p; Harris Albert: chit; Winters Tiny: batt</subfield>
  </datafield>
  <datafield tag="511" ind1=" " ind2=" ">
    <subfield code="a">Bulterman Jack: tr; Helvoirt George Van: tr; Thieleman Marcel: trne; Hawkins Coleman: ten e intr voc; Poppink Wim: alto, cl; Van Der Ouderaa Andr&#xE9;: ten, cl; De Rooy Nico: p; Pet Jacques: chit; Diepenbroek Toon: cb; Kranenburg Kees: batt</subfield>
  </datafield>
  <datafield tag="511" ind1=" " ind2=" ">
    <subfield code="a">Hawkins Coleman: ten; Bulterman Jack: tr; Van Helvoirt George: tr; Thielemans Marcel: trne; Poppink Wim: alto; Doorf Sal: alto; Van Der Ouderaa Andr&#xE9;: ten, cl; Reinders Frits: chit; Pet Jacques: cb; Kranenburg Kees: batt</subfield>
  </datafield>
  <datafield tag="511" ind1=" " ind2=" ">
    <subfield code="a">Lindsay Tommy: tr; Guy Joe: tr; Hardy Earl: trne; Fields Jackie: alto; Moore Eustis: alto; Hawkins Coleman: ten; Rodgers Gene: p; Smith Williams O.: cb; Herbert Arthur: batt; Coleman Hawkins and his Orchestra</subfield>
  </datafield>
  <datafield tag="511" ind1=" " ind2=" ">
    <subfield code="a">Carter Benny: tr; Higginbotham J.C.: trne; Polo Danny: cl; Hawkins Coleman: ten; Rodgers Gene: p; Lucie Lawrence: chit; Williams Johnny: cb; Johnson Walter: batt; Coleman Hawkins All Star Octet</subfield>
  </datafield>
  <datafield tag="511" ind1=" " ind2=" ">
    <subfield code="a">Carter Benny: tr; Higginbotham J.C.: trne; Polo Danny: cl; Hawkins Coleman: ten; Rodgers Gene: p; Lucie Lawrence: chit; Williams Johnny: cb; Johnson Walter: batt; Coleman Hawkins All Star Octet</subfield>
  </datafield>
  <datafield tag="511" ind1=" " ind2=" ">
    <subfield code="a">Eldridge Roy: tr; Carter Benny: alto; Hawkins Coleman: ten; Addison Bernard: chit; Kirby John: cb; Catlett Sidney: batt; Coleman Hawkins and the Chocolate Dandies</subfield>
  </datafield>
  <datafield tag="511" ind1=" " ind2=" ">
    <subfield code="a">Stevenson Tommy: tr; Guy Joe: tr; Lindsay Tommy: tr; Bryant Nelson: tr; Cato Willimam: trne; Williams Sandy: trne; Jones Claude: trne; Moore Eustis: saxes; Fields Jackie: saxes; Powell Ernie: saxes; Scott Kermit: saxes; Hawkins Coleman: ten, arr; Rodgers Gene: p; Fields Gene: chit; Taylor Billy: cb; Heard J.C.: batt</subfield>
  </datafield>
  <datafield tag="511" ind1=" " ind2=" ">
    <subfield code="a">Stevenson Tommy: tr; Guy Joe: tr; Lindsay Tommy: tr; Bryant Nelson: tr; Cato William: trne; Williams Sandy: trne; Jones Claude: trne; Moore Eustis: saxes; Fields Jackie: saxes; Powell Ernie: saxes; Scott Kermit: saxes; Hawkins Coleman: ten e arr; Rodgers Gene: p; Fields Gene: chit; Taylor Billy: cb; Heard J.C.: batt</subfield>
  </datafield>
  <datafield tag="511" ind1=" " ind2=" ">
    <subfield code="a">Clayton Buck: tr; Lewis Ed: tr; Edison Harry: tr; Killian Al: tr; Cuffee Ed: trne; Wells Dicky: trne; Minor Dan: trne; Warren Earl: alto; Smith Tab: alto; Hawkins Coleman: ten; Byas Don: ten; Tate Buddy: ten; Washington Jack: bar; Basie Count: p; Green Freddie: chit; Page Walter: cb; Jones Jo: batt; Count Basie and his Orchestra</subfield>
  </datafield>
  <datafield tag="650" ind1=" " ind2=" ">
    <subfield code="a">JAZZ [DISCHI]</subfield>
    <subfield code="e">Codice MATERIA SPICS: 9950</subfield>
    <subfield code="9">13660</subfield>
  </datafield>
  <datafield tag="700" ind1=" " ind2=" ">
    <subfield code="a">Hawkins Coleman</subfield>
    <subfield code="d">Codice autore musica SPICS: 16098</subfield>
    <subfield code="e">Autore musica</subfield>
    <subfield code="p">Queer Notions - Netcha's Dream - Bouncing With Bean  - Passin' It Around - Rocky Comfort</subfield>
    <subfield code="9">13661</subfield>
  </datafield>
  <datafield tag="700" ind1=" " ind2=" ">
    <subfield code="a">Henderson Horace</subfield>
    <subfield code="d">Codice autore musica SPICS: 10667</subfield>
    <subfield code="e">Autore musica</subfield>
    <subfield code="p">Jamaica Shout</subfield>
    <subfield code="9">13662</subfield>
  </datafield>
  <datafield tag="700" ind1=" " ind2=" ">
    <subfield code="a">Gershwin George</subfield>
    <subfield code="d">Codice autore musica SPICS: 10668</subfield>
    <subfield code="e">Autore musica</subfield>
    <subfield code="p">Lady Be Good</subfield>
    <subfield code="9">13663</subfield>
  </datafield>
  <datafield tag="700" ind1=" " ind2=" ">
    <subfield code="a">Waller Thomas Fats</subfield>
    <subfield code="d">Codice autore musica SPICS: 15948</subfield>
    <subfield code="e">Autore musica</subfield>
    <subfield code="p">Honeysuckle Rose</subfield>
    <subfield code="9">13664</subfield>
  </datafield>
  <datafield tag="700" ind1=" " ind2=" ">
    <subfield code="a">Razaf Andy</subfield>
    <subfield code="d">Codice autore SPICS: 10573</subfield>
    <subfield code="e">Autore musica</subfield>
    <subfield code="p">Honeysuckle Rose</subfield>
    <subfield code="9">13665</subfield>
  </datafield>
  <datafield tag="700" ind1=" " ind2=" ">
    <subfield code="a">McHugh Jimmy</subfield>
    <subfield code="d">Codice autore musica SPICS: 16297</subfield>
    <subfield code="e">Autore musica</subfield>
    <subfield code="p">Lost in a Fog</subfield>
    <subfield code="9">13666</subfield>
  </datafield>
  <datafield tag="700" ind1=" " ind2=" ">
    <subfield code="a">Fields Dorothy</subfield>
    <subfield code="d">Codice autore SPICS: 15865</subfield>
    <subfield code="e">Autore</subfield>
    <subfield code="p">Lost in a Fog</subfield>
    <subfield code="9">13667</subfield>
  </datafield>
  <datafield tag="700" ind1=" " ind2=" ">
    <subfield code="a">Black Stanley</subfield>
    <subfield code="d">Codice autore musica SPICS: 7893</subfield>
    <subfield code="e">Autore musica</subfield>
    <subfield code="p">Lullaby</subfield>
    <subfield code="9">13668</subfield>
  </datafield>
  <datafield tag="700" ind1=" " ind2=" ">
    <subfield code="a">Bulterman Jack</subfield>
    <subfield code="d">Codice autore musica SPICS: 16337</subfield>
    <subfield code="e">Autore musica</subfield>
    <subfield code="p">Consolation</subfield>
    <subfield code="9">13669</subfield>
  </datafield>
  <datafield tag="700" ind1=" " ind2=" ">
    <subfield code="a">Heyman Edward</subfield>
    <subfield code="d">Codice autore musica SPICS: 15566</subfield>
    <subfield code="e">Autore musica</subfield>
    <subfield code="p">Body and Soul</subfield>
    <subfield code="9">13670</subfield>
  </datafield>
  <datafield tag="700" ind1=" " ind2=" ">
    <subfield code="a">Sour R.</subfield>
    <subfield code="d">Codice autore SPICS: 20664</subfield>
    <subfield code="e">Autore</subfield>
    <subfield code="p">Body and Soul</subfield>
    <subfield code="9">13671</subfield>
  </datafield>
  <datafield tag="700" ind1=" " ind2=" ">
    <subfield code="a">Green Johnny</subfield>
    <subfield code="d">Codice autore testo/musica SPICS: 27860</subfield>
    <subfield code="e">Autore testo/musica</subfield>
    <subfield code="p">Body and Soul</subfield>
    <subfield code="9">13672</subfield>
  </datafield>
  <datafield tag="700" ind1=" " ind2=" ">
    <subfield code="a">Whiting</subfield>
    <subfield code="d">Codice autore musica SPICS: 16001</subfield>
    <subfield code="e">Autore musica</subfield>
    <subfield code="p">My Blue Heaven</subfield>
    <subfield code="9">13673</subfield>
  </datafield>
  <datafield tag="700" ind1=" " ind2=" ">
    <subfield code="a">Donaldson</subfield>
    <subfield code="d">Codice autore SPICS: 14426</subfield>
    <subfield code="e">Autore</subfield>
    <subfield code="p">My Blue Heaven</subfield>
    <subfield code="9">13674</subfield>
  </datafield>
  <datafield tag="700" ind1=" " ind2=" ">
    <subfield code="a">Barris Harry</subfield>
    <subfield code="d">Codice autore musica SPICS: 18863</subfield>
    <subfield code="e">Autore musica</subfield>
    <subfield code="p">I Surrender Dear</subfield>
    <subfield code="9">13675</subfield>
  </datafield>
  <datafield tag="700" ind1=" " ind2=" ">
    <subfield code="a">Clifford Gordon</subfield>
    <subfield code="d">Codice autore SPICS: 22913</subfield>
    <subfield code="e">Autore</subfield>
    <subfield code="p">I Surrender Dear</subfield>
    <subfield code="9">13676</subfield>
  </datafield>
  <datafield tag="700" ind1=" " ind2=" ">
    <subfield code="a">Basie Count</subfield>
    <subfield code="d">Codice autore musica SPICS: 10545</subfield>
    <subfield code="e">Autore musica</subfield>
    <subfield code="p">Feedin' the Bean</subfield>
    <subfield code="9">13677</subfield>
  </datafield>
  <datafield tag="942" ind1=" " ind2=" ">
    <subfield code="c">MD</subfield>
    <subfield code="2">ddc</subfield>
  </datafield>
  <datafield tag="952" ind1=" " ind2=" ">
    <subfield code="0">0</subfield>
    <subfield code="1">0</subfield>
    <subfield code="4">0</subfield>
    <subfield code="6">25688_000000000000000</subfield>
    <subfield code="7">1</subfield>
    <subfield code="a">SPICS</subfield>
    <subfield code="b">SPICS</subfield>
    <subfield code="d">2013-10-25</subfield>
    <subfield code="l">0</subfield>
    <subfield code="o">25688</subfield>
    <subfield code="r">2013-10-25 00:00:00</subfield>
    <subfield code="w">2013-10-25</subfield>
    <subfield code="y">MD</subfield>
    <subfield code="z">Progr. Ins.: 5562 / N.Vol.: 1 / Copie: 1 - Copia rara: n.d. / date import: 01.01.2014 - By Epidotti, Trombetti, Vaglietti</subfield>
  </datafield>
</record>
